| 000 | 00572nam a2200193Ia 4500 | ||
|---|---|---|---|
| 003 | GCL | ||
| 008 | 140319s9999 xx 000 0 ara d | ||
| 040 |
_aGCL / _cGCL |
||
| 082 | 0 | 4 |
_aط _b823.02 _bدد |
| 100 | 1 | _aدار نشر ماليش | |
| 245 | 1 | 0 |
_aالديك وحبة الفول / _cدار نشر ماليش |
| 260 |
_a[S.N] : _b"دار نشر ""ماليش"" بموسكو" ، _c1980 |
||
| 300 | _aغير محدد | ||
| 490 | _a | ||
| 650 | 0 | 4 | _aالاطفال |
| 650 | 0 | 4 | _aالقصص الانجليزية |
| 650 | 0 | 4 | _aقصص الاطفال |
| 942 |
_2ddc _cBK |
||
| 999 |
_c35985 _d35985 |
||